000 008600000a22002290004500
003 LK-CoMWRAF
005 20240315151106.0
008 230817t ||||| |||| 00| 0 eng d
020 _a0912917555
040 _aLK-CoMWRAF
_dLK-CoMWRAF
_eLK-CoMWRAF
041 _aeng
082 _a330
_bUNI
110 _aUnited Nations Development Fund for Women
245 _aPicturing a life free of violence :
_bmedia and communications strategies to end violence against women
260 _aNew York:
_bUnited nations development fund for women,
_c2001
300 _aix, 77 p.: ill. ; 31 cm
650 _aWomen- Violence against Prevention
650 _aCommunication in social action
650 _a Advertising, Public service
856 _uhttps://www.endvawnow.org/uploads/browser/files/Picturing%20a%20Life%20Free%20of%20Violence%20English.pdf
942 _cBK
999 _c682
_d682